Perfil de comportamiento térmico de una computadora de torre media para calibración de modelos computacionales
Salvato in:
| Autore principale: | |
|---|---|
| Altri autori: | |
| Natura: | Libro |
| Lingua: | Spanish |
| Pubblicazione: |
[San José, Costa Rica]
2023
|
| Soggetti: | |
| Tags: |
Aggiungi Tag
Nessun Tag, puoi essere il primo ad aggiungerne!!
|
MARC
| LEADER | 00000nam a2200000Ia 4500 | ||
|---|---|---|---|
| 003 | 013724 | ||
| 005 | 20230904143043.0 | ||
| 008 | 140114s2023 cr a 000 ||spa d | ||
| 040 | |c cru CEDI | ||
| 100 | |a Brown De La O, Lidia Adina, 1997- |9 1360 | ||
| 245 | |a Perfil de comportamiento térmico de una computadora de torre media para calibración de modelos computacionales | ||
| 260 | |a [San José, Costa Rica] |c 2023 | ||
| 500 | |a Proyecto de graduación (licenciatura en ingeniería mecánica) --Universidad de Costa Rica. Facultad de Ingeniería. Escuela de Ingeniería Mecánica | ||
| 501 | |a Director del Proyecto de Graduación: Mag. Gabriel Monge Gapper | ||
| 650 | |x DISPOSITIVOS ELECTROMECANICOS |x ELECTRONICA |x CALIBRACION - MODELOS MATEMATICOS |x SISTEMAS ELECTRONICOS |x SISTEMA DE ENFRIAMIENTO |x SISTEMAS OPERACIONALES (COMPUTADORA) |x CONTROL DE LA TEMPERATURA - SIMULACION POR COMPUTADORA | ||
| 700 | |9 204 |a Monge Gapper, Juan Gabriel, 1977- |d Director del TFG | ||
| 942 | |c CEDI |h TFG 8865 |6 TFG_8865_000000000000000 | ||
| 999 | |c 13142 |d 13142 | ||
